| 000 | 00465nam a2200181Ia 4500 | ||
|---|---|---|---|
| 005 | 20250423101155.0 | ||
| 008 | 250422s9999 xx 000 0 und d | ||
| 020 | _a0-679-60122-8 | ||
| 050 | _aPZ 3. P835/ | ||
| 100 | _aBennett A. and Van H. Cartmell | ||
| 245 | 4 | _aThe best Short Stories of O. Henry | |
| 260 | _aNew York | ||
| 260 | _bLibrary of America | ||
| 260 | _c1994 | ||
| 300 | _a340 p | ||
| 650 | _aSocial life and Customs-Friction | ||
| 942 | _cBK | ||
| 999 |
_c35517 _d35517 |
||